Random Questions - Statistics

General Stats
  • This quiz has been taken 50 times
  • The average score is 6 of 10
Answer Stats
Question Answer % Correct
What word is the past tense of 'do'? Did
98%
"At what point did you finish the quiz?" John queried. What is the preposition in John's quote? At
73%
What day of the week was it when Germany invaded Poland, initiating WW2? Friday
70%
What pronoun is a homophone of 'ewe'? You
66%
Commonly in the U.S., we say 8:00 P.M. What time would that be in military time? 20:00
64%
What are the first two letters in the country whose capital is Jakarta? In
55%
What is the capital of Albania? Tirana
45%
If you liquidated someone, what did you do to them? Kill
41%
What is the first name of the first czar of Russia? Ivan
39%
"Sobre" in Spanish could mean 'over.' It could also mean what two-letter preposition? On
27%
No matching quizzes found
Score Distribution
Percent of People with Each Score
Percentile by Number Answered
Your Score History
You have not taken this quiz